Los proyectos institucionales, un espacio para las tecnologías de la información y de la comunicación en la sociedad de hoy /

El uso y tratamiento de las Tecnologías de la Información y Comunicación (T.I.C.) deben estar integrados en los Proyectos Institucionales de los Centros educativos, ya que los acelerados avances de la tecnología están conformando una nueva cultura que las escuelas deben tener en cuenta.\La integraci...

Descripción completa

Detalles Bibliográficos
Autor principal: Blázquez Entonado, Florentino
Formato: Analitica de revista
Lenguaje:español
Publicado: Santiago, Chile Pontificia Universidad Católica de Chile 1998

MARC

LEADER 00000cab a2200000 a 4500
001 036234
003 UAHC_CL
005 20170803123950.0
008 030922s1994 cl f 000 spa
040 |a UAHC_CL  |c UAHC_CL  |d UAHC_CL 
100 1 |a Blázquez Entonado, Florentino 
245 1 4 |a Los proyectos institucionales, un espacio para las tecnologías de la información y de la comunicación en la sociedad de hoy /  |c Florentino Blázquez Entonado. 
260 |b Pontificia Universidad Católica de Chile  |c 1998  |a Santiago, Chile 
300 |a p. 189-217 
500 |a En: Pensamiento educativo, nû23, 1998. p. 189-217. ISSN 07171013. 
500 |a En: Pensamiento educativo, n°23, 1998. p. 189-217. ISSN 07171013. 
500 |a En: Pensamiento educativo, nç23, 1998. p. 189-217. ISSN 07171013. 
520 |a El uso y tratamiento de las Tecnologías de la Información y Comunicación (T.I.C.) deben estar integrados en los Proyectos Institucionales de los Centros educativos, ya que los acelerados avances de la tecnología están conformando una nueva cultura que las escuelas deben tener en cuenta.\La integración en profundidad de las TIC en el currículum obligará a replantear una serie de concepciones educativas y cambios significativos en estrategias metodológicas, aspectos organizativos, y especialmente en lo relacionado con los recursos de enseñanza. Las nuevas tecnologías son, asimismo, facilitadoras de las adaptaciones curriculares, la atención a la diversidad y a la innovación curricular, aspectos todos que deben formar parte de los proyectos educativo y curricular de los centros.\La inclusión de las TIC en dichos proyectos debe no sólo optimizar los procesos de enseñanza y aprendizaje, sino también permitir el aprendizaje autónomo y la promoción de actitudes y valores tendentes a la consecución de la maduración personal y social, posibilitando el acceso continuado a los bienes culturales y a los servicios de los avances tecnológicos. 
520 |a El uso y tratamiento de las Tecnologías de la Información y Comunicación (T.I.C.) deben estar integrados en los Proyectos Institucionales de los Centros educativos, ya que los acelerados avances de la tecnología están conformando una nueva cultura que las escuelas deben tener en cuenta.\La integración en profundidad de las TIC en el currículum obligará a replantear una serie de concepciones educativas y cambios significativos en estrategias metodológicas, aspectos organizativos, y especialmente en lo relacionado con los recursos de enseñanza. Las nuevas tecnologías son, asimismo, facilitadoras de las adaptaciones curriculares, la atención a la diversidad y a la innovación curricular, aspectos todos que deben formar parte de los proyectos educativo y curricular de los centros.\La inclusión de las TIC en dichos proyectos debe no sólo optimizar los procesos de enseñanza y aprendizaje, sino también permitir el aprendizaje autónomo y la promoción de actitudes y valores tendentes a la consecución de la maduración personal y social, posibilitando el acceso continuado a los bienes culturales y a los servicios de los avances tecnológicos. 
759 |a PP160 
773 0 |t Revista PRELAC  |w 041234 
900 |a PENSAMIENTO EDUCATIVO-23/98 
942 |c REVA 
952 |0 0  |1 0  |4 0  |6 PENSAMIENTO_EDUCATIVO23_98_000000000000000  |7 0  |8 General  |9 68955  |a BC  |b BC  |c General  |d 2017-08-03  |l 0  |o PENSAMIENTO EDUCATIVO-23/98  |p FICTICIO4874  |r 2019-01-08 00:00:00  |t 1  |w 2017-08-03  |y REVA 
999 |c 36234  |d 36234